Can You Name Every Single Wooden Roller Coaster in the World? - Statistics

General Stats
  • This quiz has been taken 217 times
  • The average score is 61 of 190
Answer Stats
Hint Answer % Correct
GER | USA El Toro
80%
USA Beast
69%
USA Blue Streak
66%
UK Wicker Man
65%
USA Voyage
64%
USA Mystic Timbers
63%
USA Racer
62%
USA Wildcat
62%
IND | USA Cyclone
61%
USA Outlaw
61%
USA Raven
58%
USA Outlaw Run
57%
UK | USA Roller Coaster
57%
DEN Wildfire
55%
USA Woodstock Express
54%
USA Jack Rabbit
53%
CAN Coaster
52%
USA Comet
52%
GER Wodan
52%
USA Ghostrider
51%
USA Goliath
50%
USA Legend
50%
FRA Timber
50%
GER Colossus
49%
USA Hurler
49%
USA Phoenix
49%
USA Racer 75
48%
USA American Eagle
47%
UK | USA Big Dipper
47%
USA Gold Striker
47%
USA Hades 360
47%
USA Grizzly
46%
USA Leap The Dips
46%
USA Lightning Racer
46%
USA InvadR
44%
USA Mine Blower
44%
USA Apocalypse
43%
USA Boss
43%
USA Great American Scream Machine
43%
CAN Mighty Canadian Minebuster
43%
USA Shivering Timbers
43%
SKO T Express
43%
USA Thunderbolt
43%
DEN | USA Twister
42%
USA American Thunder
41%
DEN Balder
41%
USA Boulder Dash
40%
USA Roar
40%
USA White Lightning
40%
USA Prowler
39%
USA Renegade
39%
USA Thunderhead
39%
UK Grand National
38%
USA Little Dipper
38%
USA Thunder Run
38%
CAN Wilde Beast
38%
USA Texas Stingray
37%
GER Bandit
36%
USA Pegasus
36%
USA Cyclops
35%
USA Zeus
35%
USA Giant Dipper
34%
USA Kentucky Flyer
34%
USA Oscar’s Wacky Taxi
34%
USA Ravine Flyer II
34%
USA Viper
34%
USA Tornado
33%
USA Thunderhawk
32%
NET Troy
32%
CHI Wood Coaster
31%
USA Cornball Express
30%
AUS Leviathan
30%
UK Megafobia
30%
CAN Monstre
30%
USA Predator
30%
DEN Rutschebanen
30%
USA Timber Terror
30%
USA Timberwolf
30%
USA Tremors
30%
USA Wild One
30%
USA Zippin Pippin
30%
USA Boardwalk Bullet
29%
USA Flying Turns
29%
USA Judge Roy Scream
29%
UK Nickelodeon Streak
28%
USA Screamin Eagle
28%
SPA Stampida
28%
USA Timberhawk
28%
SPA Coaster Express
27%
USA Great White
27%
CHI Wooden Coaster
27%
USA Hoosier Hurricane
26%
FRA Tonnerre 2 Zeus
26%
USA Coastersaurus
25%
CHI Jungle Trailblazer
25%
USA Rampage
25%
AUS | UK Scenic Railway
25%
USA Switchback
25%
USA Wooden Warrior
25%
USA Zach’s Zoomer
25%
USA Zambezi Zinger
25%
CAN Ghoster Coaster
24%
USA Classic Coaster
23%
USA Kentucky Rumbler
23%
USA Swamp Fox
23%
USA High Roller
22%
NET Joris En De Draak
22%
USA Lost Coaster of Superstition Mountain
22%
BEL Loup Garou
22%
USA Arkansas Twister
21%
BEL Heidi The Ride
21%
USA New Mexico Rattler
21%
CHI Python in Bamboo Forest
21%
USA Twister II
21%
USA Yankee Cannonball
20%
IRE Cu Chulainn
19%
USA Dragon Coaster
19%
USA Excalibur
19%
USA Rollo Coaster
19%
USA Teddy Bear
19%
FIN Thunderbird
19%
USA Underground
19%
JAP Regina
18%
NOR Thunder Coaster
18%
SPA Tomahawk
18%
USA Cannon Ball
17%
USA Hell Cat
17%
SPA Magnus Colossus
17%
USA Silver Comet
17%
USA Skyliner
17%
AUS Wild Mouse
17%
FRA Anaconda
16%
UK Blue Flyer
16%
USA Kingdom Coaster
16%
GER Mammut
16%
USA Roar O Saurus
16%
JAP Jupiter
14%
USA Kiddy Coaster
14%
USA Sea Dragon
12%
POL Werewolf
12%
UK Antelope
11%
CHI Dauling Dragon
11%
DEN Falken
11%
USA Lil Dipper
11%
USA Meteor
11%
FRA Wood Express
11%
UAE Bombay Express
9%
BRZ Montezum
9%
VIT Roaring Timbers
8%
IND Zipper Dipper
8%
IDO Animal Coaster
6%
JAP Elf
6%
CHI Fjord Flying Dragon
6%
CHI Great Desert Rally
6%
CHI Time Travel
6%
FIN Vuoristorata
6%
USA Wolverine Wildat
6%
AUT Auto BergBahn
4%
UK Tyrolean Tubtwist
4%
CHI Wooden Dragons Roller Coaster
4%
IDO Crazy Car Coaster
3%
AUT Hochschaubhan
2%
HUN Hullamvasut
2%
CHI Mad Racers
2%
No matching quizzes found
Score Distribution
Percent of People with Each Score
Percentile by Number Answered
Your Score History
You have not taken this quiz